| 000 | 00727nam a2200229Ia 4500 | ||
|---|---|---|---|
| 003 | OSt | ||
| 005 | 20230410144741.0 | ||
| 008 | 210423s2011 xx 000 0 und d | ||
| 020 | _a978-0-19-569618-9 | ||
| 040 | _cAL | ||
| 041 | _aeng | ||
| 082 |
_a658.001 _223 _bSALM |
||
| 100 |
_aSASLVATORE (Dominick) _985447 |
||
| 245 |
_aManagerial economics: principles and worldwide applications adapted version Ed 6 _cSRIVASTAVA (Ravikesh) |
||
| 250 | _a6 | ||
| 260 |
_aNew Delhi _bOxford University Press _c2011 |
||
| 300 |
_axxxiii,666 _bPB |
||
| 365 |
_b465 _cINR |
||
| 650 |
_aManagerial Economics _985448 |
||
| 906 | _aadapted ; applications ; economics: ; Managerial ; principles ; version ; worldwide | ||
| 942 |
_2ddc _cBK |
||
| 999 |
_c169535 _d169535 |
||